000 00628nam a2200217Ii 4500
003 JO-AjNU
008 230606s9999||||xx |||||||||||||| ||und||
020 _a0-273-02974-6
040 _aJO-AjNU
_beng
_erda
_cJO-AjNU
041 _aeng
050 1 4 _aHF5635.W65 1992
100 3 _aBsc,Frank Wood,
_eauthor
_93120
245 0 0 _aBusiness Accounting vol. 2
250 _a5th ed
264 3 1 _aLondon : Pitman ,1992
300 _avolume2, 623p
_b Includes indexes(p620-623)
336 _atext
_btxt
_2rdacontent
337 _aunmediated
_bn
_2rdamedia
338 _avolume
_bnc
_2rdacarrier
650 4 _aBusiness Accounting
_93121
999 _aE1635
_c1635
_d1635